| 000 | 00433nam a2200121Ia 4500 | ||
|---|---|---|---|
| 008 | 171212s9999 xx 000 0 und d | ||
| 020 | _a9780748678662 | ||
| 100 | _aKarl Widerquist, ;Grant S. McCall, | ||
| 245 |
_cKarl Widerquist, ;Grant S. McCall, _aPrehistoric Myths in Modern Political Philosophy |
||
| 260 |
_bEdinburgh University Press _c2017 |
||
| 650 | _aAnthropology | ||
| 856 | _uhttp://jstor.org/stable/10.3366/j.ctt1g0523b | ||
| 999 |
_c351468 _d351468 |
||